résolution d'équation - Statistiques

Statistiques générales
  • Ce quiz a été pris 163 fois
  • Le résultat moyen est 18 sur 45
Statistiques - réponses
Question Tuile Select % Correct
x²-1=0 1,5 Non
98%
x²-1=0 2 Non
98%
x²-1=0 3 Non
98%
x²-1=0 -4 Non
98%
x²-1=0 0 Non
96%
x²-1=0 i Non
92%
x²-1=0 1 Oui
85%
| (x+1)(x+2)(x+3)(x+4)(x+5) | =720 0 Non
57%
| (x+1)(x+2)(x+3)(x+4)(x+5) | =720 i Non
57%
x²-1=0 -1 Oui
53%
| (x+1)(x+2)(x+3)(x+4)(x+5) | =720 -1 Non
53%
| (x+1)(x+2)(x+3)(x+4)(x+5) | =720 -3 Non
52%
| (x+1)(x+2)(x+3)(x+4)(x+5) | =720 -6 Non
52%
| (x+1)(x+2)(x+3)(x+4)(x+5) | =720 -8 Non
52%
| (x+1)(x+2)(x+3)(x+4)(x+5) | =720 2 Non
41%
exp(x²-5x-6)=1 5 Non
39%
exp(x²-5x-6)=1 -2 Non
38%
exp(x²-5x-6)=1 0 Non
36%
exp(x²-5x-6)=1 1 Non
36%
cos(x) + sin(x) - 1=0 27π Non
36%
exp(x²-5x-6)=1 arctan(1/2) Non
36%
cos(x) + sin(x) - 1=0 π/4 Non
35%
cos(x) + sin(x) - 1=0 -π/2 Non
34%
cos(x) + sin(x) - 1=0 arccos(1/2) Non
34%
exp(x²-5x-6)=1 ln(3) Non
34%
exp(x²-5x-6)=1 ln(1) Non
33%
cos(x) + sin(x) - 1=0 π Non
32%
2xy-4z²x+2y²=16 solutions de forme (x,y,z) (0,0,0) Non
27%
2xy-4z²x+2y²=16 solutions de forme (x,y,z) (1,0,4) Non
27%
2xy-4z²x+2y²=16 solutions de forme (x,y,z) (i,1,2) Non
27%
2xy-4z²x+2y²=16 solutions de forme (x,y,z) (0,6,4) Non
26%
2xy-4z²x+2y²=16 solutions de forme (x,y,z) (1,1,-1) Non
26%
2xy-4z²x+2y²=16 solutions de forme (x,y,z) (2,3,1) Non
26%
| (x+1)(x+2)(x+3)(x+4)(x+5) | =720 1 Oui
17%
exp(x²-5x-6)=1 6 Oui
14%
cos(x) + sin(x) - 1=0 π/2 Oui
12%
x²-1=0 Oui
12%
cos(x) + sin(x) - 1=0 0 Oui
10%
exp(x²-5x-6)=1 -1 Oui
10%
2xy-4z²x+2y²=16 solutions de forme (x,y,z) (2,4,-2) Oui
5%
| (x+1)(x+2)(x+3)(x+4)(x+5) | =720 -7 Oui
5%
cos(x) + sin(x) - 1=0 100π Oui
4%
cos(x) + sin(x) - 1=0 arcsin(1) Oui
4%
2xy-4z²x+2y²=16 solutions de forme (x,y,z) (-1,0,2) Oui
3%
2xy-4z²x+2y²=16 solutions de forme (x,y,z) (1,2,i) Oui
2%
Aucun quiz correspondant
Distribution des résultats
% des personnes avec chaque résultat
Percentile par nombre de réponses
Votre historique - résultats
Vous n’avez pas pris ce quiz